[Event "Gibraltar ChallWk2 11th"]
[Site "Gibraltar"]
[Date "2013.01.28"]
[Round "3.34"]
[White "Rios Gonzalez, Jose Antonio"]
[Black "Perez Garcia, Alejandro"]
[Result "0-1"]
[WhiteElo "1990"]
[BlackElo "1938"]
[PlyCount "69"]
[EventDate "2013.01.26"]
[EventType "swiss"]
[EventRounds "5"]
[EventCountry "GGB"]
[SourceTitle "BritBase"]
[Source "www.saund.co.uk"]
[SourceDate "2018.02.10"]
[SourceVersion "1"]
[SourceVersionDate "2018.02.10"]
[SourceQuality "1"]

1. d4 d5 2. c4 c6 3. Nf3 Nf6 4. Nc3 e6 5. Bg5 dxc4 6. e4 b5 7. e5 h6 8. Bh4 g5
9. Nxg5 hxg5 10. Bxg5 Nbd7 11. g3 Rg8 12. h4 Rxg5 13. hxg5 Nd5 14. g6 fxg6 15.
Bg2 b4 16. Qg4 Nxe5 17. dxe5 bxc3 18. Qxg6+ Kd7 19. Rh7+ Be7 20. bxc3 Qc7 21.
Qg7 Qd8 22. Rd1 Bb7 23. Bh3 Qf8 24. Qg6 Re8 25. Qxe6+ Kc7 26. Qd6+ Kb6 27. Rb1+
Ka6 28. Qd7 Nb6 29. Qd1 Bc5 30. Rxb6+ Kxb6 31. Qb1+ Ka5 32. f4 Rxe5+ 33. fxe5
Qf2+ 34. Kd1 Qf3+ 35. Ke1 0-1

[Event "Gibraltar ChallWk2 11th"]
[Site "Gibraltar"]
[Date "2013.01.29"]
[Round "4.1"]
[White "Sanchez Botella, Luis Javier"]
[Black "Meszaros, Gyula"]
[Result "1-0"]
[WhiteElo "2196"]
[BlackElo "2248"]
[PlyCount "83"]
[EventDate "2013.01.26"]
[EventType "swiss"]
[EventRounds "5"]
[EventCountry "GGB"]
[SourceTitle "BritBase"]
[Source "www.saund.co.uk"]
[SourceDate "2018.02.10"]
[SourceVersion "1"]
[SourceVersionDate "2018.02.10"]
[SourceQuality "1"]

1. d4 d6 2. Nf3 Bg4 3. c4 c6 4. Nc3 Nd7 5. g3 Bxf3 6. exf3 Ngf6 7. Bg2 g6 8.
O-O Bg7 9. Be3 O-O 10. d5 Qa5 11. f4 Rfc8 12. Qd3 Rab8 13. Rad1 cxd5 14. cxd5
b5 15. a3 Nc5 16. Qe2 Na4 17. Na2 Nd7 18. Bd4 Bxd4 19. Rxd4 Rb7 20. Nb4 Nb8 21.
h4 Qd8 22. h5 Qf8 23. hxg6 hxg6 24. Bh3 Rc4 25. Rd2 a5 26. Nc6 Nxc6 27. dxc6
Rc7 28. Bg2 Rc5 29. Rc2 Rxc2 30. Qxc2 Qg7 31. Rb1 Qd4 32. Bf1 Qb6 33. Rc1 Nc5
34. Bg2 b4 35. f5 gxf5 36. Qxf5 bxa3 37. Qg5+ Kf8 38. Qh6+ Kg8 39. Rc4 f5 40.
Qg6+ Kf8 41. Qxf5+ Ke8 42. Qg6+ 1-0

[Event "Gibraltar ChallWk2 11th"]
[Site "Gibraltar"]
[Date "2013.01.29"]
[Round "4.2"]
[White "Janev, Pavel"]
[Black "O'Toole, George E"]
[Result "1/2-1/2"]
[WhiteElo "2126"]
[BlackElo "2204"]
[PlyCount "127"]
[EventDate "2013.01.26"]
[EventType "swiss"]
[EventRounds "5"]
[EventCountry "GGB"]
[SourceTitle "BritBase"]
[Source "www.saund.co.uk"]
[SourceDate "2018.02.10"]
[SourceVersion "1"]
[SourceVersionDate "2018.02.10"]
[SourceQuality "1"]

1. e4 e5 2. Nf3 Nc6 3. Bb5 a6 4. Ba4 Nf6 5. d3 b5 6. Bb3 Be7 7. O-O d6 8. c3
O-O 9. Qe2 Na5 10. Bc2 c5 11. Bg5 h6 12. Bxf6 Bxf6 13. Nbd2 g6 14. a3 Nc6 15.
Bb3 Be6 16. Bxe6 fxe6 17. g3 g5 18. Ne1 Ra7 19. a4 b4 20. Qh5 Qe8 21. Qxe8 Rxe8
22. Nc2 Rb7 23. Rfb1 Reb8 24. Ne3 Be7 25. Kf1 Kf7 26. Ke2 h5 27. f3 Rh8 28. Kd1
h4 29. Kc2 hxg3 30. hxg3 Rh2 31. Rg1 Rb8 32. Ng4 Rh3 33. Nc4 Rbh8 34. Kd2 Ke8
35. Ke2 Kd7 36. Kf2 Bd8 37. Ke2 Ke7 38. Rac1 Bc7 39. Nf2 Rh2 40. Rh1 d5 41.
Rxh2 Rxh2 42. Nd2 Bb6 43. Rh1 Rxh1 44. Nxh1 bxc3 45. bxc3 Ba5 46. Nb1 d4 47. c4
Nb8 48. Nd2 Bb4 49. Nf2 Nd7 50. Ng4 Kd6 51. Nh6 Nb6 52. a5 Bxa5 53. Nf7+ Kc7
54. Nxg5 Na4 55. Nb1 Kd7 56. f4 exf4 57. gxf4 Bd8 58. Nf3 Bc7 59. e5 Ba5 60.
Kd1 Nb6 61. Nbd2 Bxd2 62. Nxd2 Nc8 63. Ne4 Kc6 64. Ng5 1/2-1/2

[Event "Gibraltar ChallWk2 11th"]
[Site "Gibraltar"]
[Date "2013.01.29"]
[Round "4.3"]
[White "Varga, Klara"]
[Black "Pinho, Paulo"]
[Result "1-0"]
[WhiteElo "2207"]
[BlackElo "2128"]
[PlyCount "61"]
[EventDate "2013.01.26"]
[EventType "swiss"]
[EventRounds "5"]
[EventCountry "GGB"]
[SourceTitle "BritBase"]
[Source "www.saund.co.uk"]
[SourceDate "2018.02.10"]
[SourceVersion "1"]
[SourceVersionDate "2018.02.10"]
[SourceQuality "1"]

1. e4 c5 2. Nf3 e6 3. d4 cxd4 4. Nxd4 a6 5. Nc3 Qc7 6. Bd3 Nf6 7. a3 b5 8. O-O
Bb7 9. Qe2 d6 10. Kh1 Be7 11. f4 Nbd7 12. Bd2 O-O 13. Rae1 Nc5 14. b4 Nxd3 15.
cxd3 Qd7 16. Qe3 Bd8 17. Qh3 Re8 18. Rf3 Bb6 19. Nce2 d5 20. e5 Ne4 21. Be3
Bxd4 22. Nxd4 Nc3 23. Rg3 g6 24. f5 exf5 25. Nxf5 Bc8 26. Nh6+ Kg7 27. e6 fxe6
28. Bd4+ e5 29. Rxe5 Qxh3 30. Rxe8+ Kxh6 31. Rxh3+ 1-0

[Event "Gibraltar ChallWk2 11th"]
[Site "Gibraltar"]
[Date "2013.01.29"]
[Round "4.4"]
[White "Osuna Vega, Enrique"]
[Black "Olhovik, Andrei"]
[Result "0-1"]
[WhiteElo "2157"]
[BlackElo "2246"]
[PlyCount "178"]
[EventDate "2013.01.26"]
[EventType "swiss"]
[EventRounds "5"]
[EventCountry "GGB"]
[SourceTitle "BritBase"]
[Source "www.saund.co.uk"]
[SourceDate "2018.02.10"]
[SourceVersion "1"]
[SourceVersionDate "2018.02.10"]
[SourceQuality "1"]

1. d4 Nf6 2. Nf3 c5 3. d5 b5 4. c4 g6 5. Qc2 Bg7 6. e4 bxc4 7. Bxc4 d6 8. h3
O-O 9. O-O Nfd7 10. Bd2 Nb6 11. Ba5 Qe8 12. Nbd2 Qa4 13. Qxa4 Nxa4 14. Rab1
Bxb2 15. Bb5 Bc3 16. Nc4 Bxa5 17. Bxa4 Bc7 18. Rfd1 Rd8 19. Ne1 Nd7 20. Nc2 Rb8
21. Rxb8 Nxb8 22. f4 Nd7 23. N2e3 Ba6 24. Rb1 Nf6 25. Bc2 e6 26. Rd1 exd5 27.
exd5 Nh5 28. f5 Ng3 29. Kf2 Nxf5 30. Bxf5 gxf5 31. Rc1 Bc8 32. Kf3 Kg7 33. Re1
Kf6 34. Nc2 Ba6 35. N2e3 h5 36. Rc1 h4 37. Rc3 Bb5 38. Kf4 Bd7 39. Ra3 Ra8 40.
Ra6 Bb5 41. Ra3 a6 42. Rc3 Bd7 43. Rb3 Ra7 44. Nb6 Bb5 45. Nbc4 Ra8 46. Rc3 Rg8
47. Nxf5 Rxg2 48. Nxh4 Rxa2 49. Nf3 Ra4 50. Nfd2 Ba5 51. Ne4+ Ke7 52. Nxa5 Rxa5
53. Re3 Ra4 54. Kg5 Kd7 55. h4 Ra1 56. Nf6+ Kd8 57. Rh3 Rg1+ 58. Kf4 Ke7 59.
Ne4 Bd7 60. Rh2 Rg4+ 61. Ke3 f5 62. Nf2 Rg8 63. h5 Kf6 64. Kf4 Be8 65. Rh3 a5
66. Re3 Bf7 67. Ra3 Rh8 68. Rxa5 Rxh5 69. Ra6 Rh4+ 70. Kg3 Rd4 71. Rxd6+ Ke5
72. Rc6 c4 73. d6 Rxd6 74. Rc7 Be6 75. Kf3 Ra6 76. Nd1 Ra3+ 77. Kf2 f4 78. Re7
Kd6 79. Re8 c3 80. Nxc3 Rxc3 81. Rf8 Ke5 82. Re8 Kf5 83. Rf8+ Ke4 84. Re8 Rc2+
85. Kf1 Kf5 86. Rf8+ Kg4 87. Re8 Bc4+ 88. Kg1 Kg3 89. Re1 f3 0-1

[Event "Gibraltar ChallWk2 11th"]
[Site "Gibraltar"]
[Date "2013.01.29"]
[Round "4.5"]
[White "Storey, Charles H"]
[Black "Erdelyi, Tamas"]
[Result "1-0"]
[WhiteElo "2245"]
[BlackElo "2122"]
[PlyCount "109"]
[EventDate "2013.01.26"]
[EventType "swiss"]
[EventRounds "5"]
[EventCountry "GGB"]
[SourceTitle "BritBase"]
[Source "www.saund.co.uk"]
[SourceDate "2018.02.10"]
[SourceVersion "1"]
[SourceVersionDate "2018.02.10"]
[SourceQuality "1"]

1. e4 c5 2. Nf3 e6 3. d4 cxd4 4. Nxd4 a6 5. Nc3 Qc7 6. g3 Bb4 7. Nde2 Nf6 8.
Bg2 Be7 9. O-O Nc6 10. b3 d6 11. Qd2 O-O 12. Bb2 b6 13. Nf4 Re8 14. Nce2 Bb7
15. c4 Ne5 16. Nc3 Rad8 17. Rac1 Qb8 18. Rfd1 Ned7 19. Qc2 Qa8 20. Rd2 Rc8 21.
Qb1 Nc5 22. Re1 Ncd7 23. h3 Qb8 24. Kh2 Bc6 25. Nd3 Bb7 26. f4 e5 27. f5 h6 28.
Bf3 Nc5 29. Nf2 Bc6 30. h4 b5 31. cxb5 axb5 32. b4 Ncd7 33. Nfd1 Nb6 34. Ne3
Qb7 35. g4 Nh7 36. Kh3 Bf6 37. Rg1 Qe7 38. Qe1 Ra8 39. a3 Qd8 40. Bc1 Be7 41.
Bd1 Ra7 42. Bb3 Nf6 43. Ned5 Nfxd5 44. Rxd5 Nxd5 45. Nxd5 Qa8 46. g5 Rxa3 47.
Bxa3 Qxa3 48. Rg3 Kh8 49. Nxe7 Rxe7 50. gxh6 g6 51. Bxf7 Qa7 52. fxg6 Rxf7 53.
g7+ Rxg7 54. hxg7+ Kg8 55. Qf1 1-0

[Event "Gibraltar ChallWk2 11th"]
[Site "Gibraltar"]
[Date "2013.01.29"]
[Round "4.6"]
[White "Cawley, Paul F"]
[Black "Dolzhikova, Olga"]
[Result "1/2-1/2"]
[WhiteElo "2113"]
[BlackElo "2239"]
[PlyCount "81"]
[EventDate "2013.01.26"]
[EventType "swiss"]
[EventRounds "5"]
[EventCountry "GGB"]
[SourceTitle "BritBase"]
[Source "www.saund.co.uk"]
[SourceDate "2018.02.10"]
[SourceVersion "1"]
[SourceVersionDate "2018.02.10"]
[SourceQuality "1"]

1. d4 Nf6 2. Nf3 e6 3. Bf4 c5 4. c3 b6 5. e3 Bb7 6. h3 Be7 7. Bd3 Ne4 8. O-O f5
9. Nbd2 O-O 10. Qc2 Nxd2 11. Nxd2 d6 12. Be2 Nc6 13. Bf3 Rc8 14. Qb3 d5 15.
Rac1 Kh8 16. Rfd1 Qe8 17. Bg3 Qf7 18. Nf1 Na5 19. Qc2 cxd4 20. exd4 f4 21. Bh2
Nc4 22. Re1 Rce8 23. b3 Nd6 24. Qd3 Ne4 25. Nd2 Nxd2 26. Qxd2 Bd6 27. Qd3 e5
28. dxe5 Rxe5 29. Rxe5 Bxe5 30. Rd1 Qf6 31. Bxd5 Bxd5 32. Qxd5 Bxc3 33. f3 h6
34. Qd7 Bb4 35. Kh1 Qb2 36. Bg1 Qc2 37. Kh2 Rf6 38. Qd8+ Rf8 39. Qd7 Rf6 40.
Qd8+ Rf8 41. Qd7 1/2-1/2

[Event "Gibraltar ChallWk2 11th"]
[Site "Gibraltar"]
[Date "2013.01.29"]
[Round "4.7"]
[White "Hutton, Jack"]
[Black "Nikolaidis, Konstantinos"]
[Result "0-1"]
[WhiteElo "2017"]
[BlackElo "2233"]
[PlyCount "120"]
[EventDate "2013.01.26"]
[EventType "swiss"]
[EventRounds "5"]
[EventCountry "GGB"]
[SourceTitle "BritBase"]
[Source "www.saund.co.uk"]
[SourceDate "2018.02.10"]
[SourceVersion "1"]
[SourceVersionDate "2018.02.10"]
[SourceQuality "1"]

1. e4 e5 2. Nf3 Nc6 3. d4 exd4 4. Bc4 Bc5 5. c3 Nf6 6. e5 d5 7. Bb5 Ne4 8. cxd4
Bb4+ 9. Bd2 Nxd2 10. Nbxd2 O-O 11. O-O Ne7 12. Nb3 Ng6 13. a3 Be7 14. Qc2 Nf4
15. Qd2 a6 16. Qxf4 axb5 17. Rfe1 Ra6 18. Rac1 Re6 19. Nc5 Rg6 20. Nd3 c6 21.
Qe3 Bf5 22. Nf4 Rh6 23. Ra1 g5 24. Ne2 Rg6 25. Ng3 Bg4 26. h3 Be6 27. Nh2 Qc8
28. Nh5 b6 29. Qf3 g4 30. Nxg4 Bxg4 31. hxg4 Qxg4 32. Qxg4 Rxg4 33. Nf6+ Bxf6
34. exf6 Rxd4 35. Re7 Rf4 36. Rb7 Rxf6 37. Rxb6 Rd8 38. Rd1 d4 39. Rd3 Kf8 40.
Kf1 Re6 41. b4 Rd7 42. Ra6 Ke7 43. a4 bxa4 44. Rxa4 Re5 45. b5 cxb5 46. Raxd4
Rxd4 47. Rxd4 Ke6 48. f4 Rd5 49. Rb4 Kd6 50. Ke2 Kc5 51. Re4 b4 52. Re7 f5 53.
Rxh7 b3 54. Rb7 Kc4 55. g3 Kc3 56. Rc7+ Kb2 57. Ke3 Kb1 58. Rb7 b2 59. Ke2 Ra5
60. Kd2 Ka2 0-1

[Event "Gibraltar ChallWk2 11th"]
[Site "Gibraltar"]
[Date "2013.01.29"]
[Round "4.8"]
[White "Galvan, Jesus"]
[Black "Nafri, Khalil"]
[Result "0-1"]
[WhiteElo "2231"]
[BlackElo "2091"]
[PlyCount "136"]
[EventDate "2013.01.26"]
[EventType "swiss"]
[EventRounds "5"]
[EventCountry "GGB"]
[SourceTitle "BritBase"]
[Source "www.saund.co.uk"]
[SourceDate "2018.02.10"]
[SourceVersion "1"]
[SourceVersionDate "2018.02.10"]
[SourceQuality "1"]

1. d4 Nf6 2. c4 g6 3. Nc3 Bg7 4. e4 d6 5. f4 O-O 6. Nf3 c5 7. d5 e6 8. Be2 exd5
9. exd5 Bf5 10. O-O Re8 11. Bd3 Qd7 12. Qc2 Na6 13. a3 Nc7 14. Rb1 b5 15. Nxb5
Nxb5 16. cxb5 Nxd5 17. Bxf5 gxf5 18. Rd1 Nb6 19. a4 Qe6 20. b3 Qe4 21. Qxe4
fxe4 22. Ne1 Bd4+ 23. Kh1 Nd5 24. Bb2 Ne3 25. Rd2 Bxb2 26. Rbxb2 d5 27. Kg1
Rad8 28. Rb1 d4 29. Rc1 Rd5 30. h3 h5 31. g4 hxg4 32. hxg4 Nxg4 33. b4 cxb4 34.
Rc4 d3 35. Rxb4 f5 36. a5 Rb8 37. b6 axb6 38. Rxb6 Rxb6 39. axb6 Rb5 40. Nxd3
exd3 41. Rxd3 Rxb6 42. Kg2 Kf7 43. Ra3 Kg6 44. Kg3 Re6 45. Kf3 Kh5 46. Ra5 Re3+
47. Kg2 Nh6 48. Ra6 Rb3 49. Rf6 Ra3 50. Kg1 Ra5 51. Kg2 Ng4 52. Rf8 Kg6 53.
Rg8+ Kf7 54. Rb8 Ra3 55. Rb6 Nf6 56. Rb5 Kg6 57. Rb6 Rd3 58. Ra6 Kf7 59. Rb6
Rd4 60. Kg3 Ne4+ 61. Kh4 Rd6 62. Rb7+ Kf6 63. Rb3 Nc5 64. Rb8 Ne6 65. Rh8 Nxf4
66. Rh6+ Ke5 67. Rh8 Kf6 68. Rf8+ Ke5 0-1

[Event "Gibraltar ChallWk2 11th"]
[Site "Gibraltar"]
[Date "2013.01.29"]
[Round "4.9"]
[White "Schouten, Freek"]
[Black "Barrenechea Bahamonde, Gustavo"]
[Result "0-1"]
[WhiteElo "2060"]
[BlackElo "2211"]
[PlyCount "89"]
[EventDate "2013.01.26"]
[EventType "swiss"]
[EventRounds "5"]
[EventCountry "GGB"]
[SourceTitle "BritBase"]
[Source "www.saund.co.uk"]
[SourceDate "2018.02.10"]
[SourceVersion "1"]
[SourceVersionDate "2018.02.10"]
[SourceQuality "1"]

1. d4 d5 2. Nf3 c5 3. c4 e6 4. cxd5 exd5 5. g3 Nc6 6. Bg2 Nf6 7. O-O Be7 8.
dxc5 Bxc5 9. Bg5 O-O 10. Nc3 d4 11. Bxf6 Qxf6 12. Nd5 Qd8 13. Nd2 Re8 14. Rc1
Bf8 15. Nb3 Bg4 16. Re1 Rc8 17. a3 Re5 18. Nf4 Rb5 19. Nd3 Qb6 20. Nd2 Re8 21.
Nc4 Qd8 22. Qd2 Qd7 23. Nf4 Bf5 24. Red1 Be4 25. f3 Bf5 26. e4 Be6 27. Kh1 Rc5
28. Nxe6 Qxe6 29. Qd3 Rc8 30. Qf1 Ne5 31. Bh3 Qf6 32. Bxc8 Rxc4 33. f4 Rxc8 34.
Rxc8 Ng4 35. Qf3 Ne3 36. Rdc1 Qb6 37. Qe2 h5 38. Re8 d3 39. Qxd3 Ng4 40. Qf3
Qxb2 41. Rxf8+ Kxf8 42. Rc8+ Ke7 43. Qg2 Qb1+ 44. Qg1 Qxe4+ 45. Qg2 0-1

[Event "Gibraltar ChallWk2 11th"]
[Site "Gibraltar"]
[Date "2013.01.29"]
[Round "4.10"]
[White "Sanchez Jerez, Emilio Miguel"]
[Black "Kozarcanin, Sead"]
[Result "1-0"]
[WhiteElo "2203"]
[BlackElo "2090"]
[PlyCount "71"]
[EventDate "2013.01.26"]
[EventType "swiss"]
[EventRounds "5"]
[EventCountry "GGB"]
[SourceTitle "BritBase"]
[Source "www.saund.co.uk"]
[SourceDate "2018.02.10"]
[SourceVersion "1"]
[SourceVersionDate "2018.02.10"]
[SourceQuality "1"]

1. g3 Nf6 2. Bg2 d5 3. d3 g6 4. Nf3 Nc6 5. Bf4 Bg7 6. Ne5 Nxe5 7. Bxe5 c6 8.
Nc3 d4 9. Bxf6 Bxf6 10. Ne4 Bg7 11. O-O O-O 12. c4 dxc3 13. bxc3 Qa5 14. d4 b6
15. e3 Ba6 16. Re1 Rad8 17. Qb3 c5 18. f4 e6 19. g4 h6 20. g5 cxd4 21. cxd4
hxg5 22. Nxg5 Bf6 23. Ne4 Bg7 24. Rad1 Bb7 25. Qc3 Rd5 26. Qc7 Ba8 27. Ng5 Qxa2
28. Bxd5 Qxd5 29. e4 Bxd4+ 30. Kh1 Qa5 31. Re2 Bf6 32. Rg1 Qb5 33. Rge1 Bd4 34.
Rg2 Qb4 35. Rge2 a5 36. h4 {The remainder of the scoresheet is illegible} 1-0

[Event "Gibraltar ChallWk2 11th"]
[Site "Gibraltar"]
[Date "2013.01.29"]
[Round "4.11"]
[White "Elishev, Ivan"]
[Black "Sevillano Garcia, Joaquin"]
[Result "1-0"]
[WhiteElo "2185"]
[BlackElo "1983"]
[PlyCount "79"]
[EventDate "2013.01.26"]
[EventType "swiss"]
[EventRounds "5"]
[EventCountry "GGB"]
[SourceTitle "BritBase"]
[Source "www.saund.co.uk"]
[SourceDate "2018.02.10"]
[SourceVersion "1"]
[SourceVersionDate "2018.02.10"]
[SourceQuality "1"]

1. e4 e6 2. Nf3 c5 3. c4 Nc6 4. d4 cxd4 5. Nxd4 Nxd4 6. Qxd4 Ne7 7. Be3 Nc6 8.
Qd2 d6 9. Nc3 b6 10. Be2 Be7 11. O-O O-O 12. f4 Ba6 13. Rac1 Qb8 14. Rfd1 Rd8
15. b3 Bf8 16. Bf3 Bb7 17. g3 Ne7 18. Qg2 Ng6 19. Rd3 e5 20. f5 Ne7 21. g4 Bc6
22. Rcd1 Qb7 23. Bf2 Qc7 24. g5 a6 25. a4 Be8 26. h4 Rab8 27. f6 Ng6 28. Nd5
Qc6 29. fxg7 Kxg7 30. h5 Nf4 31. Nxf4 exf4 32. Qg4 b5 33. axb5 axb5 34. Qxf4
Be7 35. e5 d5 36. cxd5 Qc8 37. e6 Bc5 38. Qf6+ Kg8 39. h6 Bxf2+ 40. Kg2 1-0

[Event "Gibraltar ChallWk2 11th"]
[Site "Gibraltar"]
[Date "2013.01.29"]
[Round "4.12"]
[White "Pena Riasco, Alexander"]
[Black "Becham, Khalid"]
[Result "0-1"]
[WhiteElo "2156"]
[BlackElo "1929"]
[PlyCount "96"]
[EventDate "2013.01.26"]
[EventType "swiss"]
[EventRounds "5"]
[EventCountry "GGB"]
[SourceTitle "BritBase"]
[Source "www.saund.co.uk"]
[SourceDate "2018.02.10"]
[SourceVersion "1"]
[SourceVersionDate "2018.02.10"]
[SourceQuality "1"]

1. e4 c5 2. Nf3 d6 3. d4 cxd4 4. Nxd4 Nf6 5. Nc3 g6 6. Be3 Bg7 7. f3 O-O 8. Qd2
Nc6 9. Bc4 Bd7 10. O-O-O Ne5 11. Bb3 Qa5 12. g4 Rfc8 13. Kb1 Nc4 14. Bxc4 Rxc4
15. Nb3 Qe5 16. Rhg1 Rac8 17. f4 Qe6 18. f5 Qe5 19. Bf4 Qxc3 20. Qxc3 Rxc3 21.
bxc3 Nxe4 22. Bd2 gxf5 23. gxf5 Bxf5 24. Rdf1 Bg6 25. Be1 Nxc3+ 26. Bxc3 Rxc3
27. Rg2 Kf8 28. Nc1 Be4 29. Re2 d5 30. Nb3 f5 31. h4 e6 32. h5 b6 33. Rh2 Be5
34. Rd2 Rh3 35. Nd4 Bxd4 36. Rxd4 Rxh5 37. Ra4 a5 38. Ra3 Rh6 39. Kb2 e5 40.
Rc3 Ke7 41. Rc8 f4 42. Rg1 Rg6 43. Re1 Kd7 44. Rf8 Rg2 45. Rc1 h5 46. Kb3 h4
47. c4 dxc4+ 48. Kxc4 h3 0-1

[Event "Gibraltar ChallWk2 11th"]
[Site "Gibraltar"]
[Date "2013.01.29"]
[Round "4.13"]
[White "Campos Calvo-Sotelo, Juan"]
[Black "Jameson, David"]
[Result "1-0"]
[WhiteElo "1978"]
[BlackElo "2143"]
[PlyCount "119"]
[EventDate "2013.01.26"]
[EventType "swiss"]
[EventRounds "5"]
[EventCountry "GGB"]
[SourceTitle "BritBase"]
[Source "www.saund.co.uk"]
[SourceDate "2018.02.10"]
[SourceVersion "1"]
[SourceVersionDate "2018.02.10"]
[SourceQuality "1"]

1. b4 e5 2. a3 d5 3. e3 Nf6 4. c4 a5 5. b5 d4 6. Nf3 dxe3 7. fxe3 e4 8. Nd4 Bd6
9. Be2 O-O 10. O-O Be5 11. Bb2 Qd6 12. h3 c5 13. bxc6 bxc6 14. Qc2 Na6 15. Nc3
Bxd4 16. exd4 Qxd4+ 17. Kh1 Rb8 18. Na4 Qd7 19. Be5 Nc7 20. Qc3 Nfe8 21. Nc5
Qe7 22. Nxe4 f6 23. Bxc7 Qxc7 24. d4 Nd6 25. Qg3 Ne8 26. Rxf6 Rxf6 27. Nxf6+
Kf7 28. Qxc7+ Nxc7 29. Ng4 Rb2 30. Ne5+ Kg8 31. Bf3 c5 32. d5 Ne8 33. Nc6 Ba6
34. Nxa5 Nd6 35. Kh2 Bxc4 36. Rc1 Ba6 37. Rxc5 Rb5 38. Rxb5 Bxb5 39. Kg3 Kf7
40. Kf4 Kf6 41. Nc6 g5+ 42. Ke3 Nc4+ 43. Kd4 Nxa3 44. Kc5 Bf1 45. d6 g4 46. d7
gxf3 47. d8=Q+ Kf5 48. gxf3 Nc4 49. Qd4 h5 50. h4 Na3 51. Qe4+ Kf6 52. Qe5+ Kg6
53. Qg5+ Kf7 54. Qxh5+ Ke6 55. Nd4+ Kf6 56. Qf5+ Ke7 57. Qe6+ Kf8 58. Nf5 Bc4
59. Qe7+ Kg8 60. Qg7# 1-0

[Event "Gibraltar ChallWk2 11th"]
[Site "Gibraltar"]
[Date "2013.01.29"]
[Round "4.14"]
[White "Lochte, Szilvia"]
[Black "Bird, Andrew"]
[Result "0-1"]
[WhiteElo "1923"]
[BlackElo "2223"]
[PlyCount "73"]
[EventDate "2013.01.26"]
[EventType "swiss"]
[EventRounds "5"]
[EventCountry "GGB"]
[SourceTitle "BritBase"]
[Source "www.saund.co.uk"]
[SourceDate "2018.02.10"]
[SourceVersion "1"]
[SourceVersionDate "2018.02.10"]
[SourceQuality "1"]

1. d4 Nf6 2. Bf4 d5 3. e3 e6 4. Nf3 c5 5. c3 Nc6 6. Nbd2 Bd6 7. Bg3 O-O 8. Bd3
b6 9. Ne5 Bb7 10. O-O Qc7 11. f4 Ne7 12. Bh4 Ne4 13. Nxe4 dxe4 14. Be2 Nd5 15.
Bf2 f6 16. Nc4 Be7 17. Qb3 Rfc8 18. Rac1 Bc6 19. Nd2 f5 20. g4 Qd7 21. Qd1 cxd4
22. cxd4 Ba4 23. Rxc8+ Rxc8 24. Nb3 Bb5 25. Bxb5 Qxb5 26. a3 Qc4 27. g5 Qc2 28.
Qc1 Rc7 29. Qxc2 Rxc2 30. Rb1 Kf7 31. Kf1 h6 32. h4 Kg6 33. Ke1 Kh5 34. Nd2 Kg4
35. Kd1 Rc8 36. Ke2 Kh5 37. Rg1 {No further moves were recorded} 0-1

[Event "Gibraltar ChallWk2 11th"]
[Site "Gibraltar"]
[Date "2013.01.29"]
[Round "4.15"]
[White "Scharrer, Patrick"]
[Black "Zanetti, Bruno"]
[Result "1-0"]
[WhiteElo "2248"]
[BlackElo "2030"]
[PlyCount "49"]
[EventDate "2013.01.26"]
[EventType "swiss"]
[EventRounds "5"]
[EventCountry "GGB"]
[SourceTitle "BritBase"]
[Source "www.saund.co.uk"]
[SourceDate "2018.02.10"]
[SourceVersion "1"]
[SourceVersionDate "2018.02.10"]
[SourceQuality "1"]

1. e4 c5 2. Nf3 Nc6 3. Bb5 a6 4. Bxc6 dxc6 5. h3 e6 6. O-O Ne7 7. d3 Ng6 8. a4
Bd6 9. a5 Bc7 10. Bd2 Qd6 11. Bc3 e5 12. Qd2 h6 13. Qe3 Qf6 14. Kh2 O-O 15.
Nbd2 Qe6 16. Qxc5 Re8 17. Ng1 Nf4 18. Qe3 g5 19. Nc4 h5 20. Nb6 Bxb6 21. axb6
h4 22. d4 f6 23. dxe5 fxe5 24. Ra5 Qc4 25. Rd1 1-0

[Event "Gibraltar ChallWk2 11th"]
[Site "Gibraltar"]
[Date "2013.01.29"]
[Round "4.16"]
[White "Al-Tamimi, Hamad"]
[Black "Gromovs, Sergejs"]
[Result "1/2-1/2"]
[WhiteElo "2231"]
[BlackElo "2001"]
[PlyCount "118"]
[EventDate "2013.01.26"]
[EventType "swiss"]
[EventRounds "5"]
[EventCountry "GGB"]
[SourceTitle "BritBase"]
[Source "www.saund.co.uk"]
[SourceDate "2018.02.10"]
[SourceVersion "1"]
[SourceVersionDate "2018.02.10"]
[SourceQuality "1"]

1. e4 d6 2. d4 Nf6 3. Nc3 g6 4. g3 Bg7 5. Bg2 O-O 6. h3 e5 7. Nge2 Nc6 8. Be3
a6 9. a4 Rb8 10. a5 exd4 11. Nxd4 Ne5 12. b3 c5 13. Nde2 Nc6 14. Bf4 Ne8 15.
Qd2 Be6 16. O-O Nxa5 17. Rad1 Nc6 18. Nd5 b5 19. Kh2 Nd4 20. Nxd4 Bxd4 21. c3
Bg7 22. Bg5 f6 23. Be3 a5 24. f4 Bf7 25. f5 g5 26. b4 cxb4 27. cxb4 a4 28. Rc1
Bxd5 29. Qxd5+ Rf7 30. Rc6 Bf8 31. Rfc1 Kg7 32. Bf1 Re7 33. Bd4 Rbb7 34. Bxb5
Rxb5 35. Qxb5 Rxe4 36. Qd3 d5 37. b5 Bd6 38. b6 Qd7 39. Bg1 Qxf5 40. b7 Qe5 41.
Rxd6 Qxd6 42. Ba7 Rb4 43. Bc5 Rb2+ 44. Rc2 Rxc2+ 45. Qxc2 Qb8 46. Qb2 Nc7 47.
Ba7 a3 48. Bxb8 axb2 49. Bxc7 b1=Q 50. b8=Q Qc2+ 51. Kh1 Qd1+ 52. Kg2 Qe2+ 53.
Kg1 Qe1+ 54. Kg2 Qe2+ 55. Kg1 Qe3+ 56. Kg2 Qe4+ 57. Kg1 d4 58. Qd8 d3 59. Ba5
Qf3 {The remainder of the scoresheet is illegible} 1/2-1/2

[Event "Gibraltar ChallWk2 11th"]
[Site "Gibraltar"]
[Date "2013.01.29"]
[Round "4.17"]
[White "Jaunooby, Ali R"]
[Black "Petersen, Steffen"]
[Result "1-0"]
[WhiteElo "2178"]
[BlackElo "1964"]
[PlyCount "31"]
[EventDate "2013.01.26"]
[EventType "swiss"]
[EventRounds "5"]
[EventCountry "GGB"]
[SourceTitle "BritBase"]
[Source "www.saund.co.uk"]
[SourceDate "2018.02.10"]
[SourceVersion "1"]
[SourceVersionDate "2018.02.10"]
[SourceQuality "1"]

1. d4 Nf6 2. c4 e5 3. Nf3 e4 4. Nfd2 e3 5. fxe3 Ng4 6. Nf3 Bb4+ 7. Nc3 Qe7 8.
Qd3 O-O 9. e4 Re8 10. h3 Nh6 11. e5 d6 12. Bxh6 gxh6 13. O-O-O Nc6 14. Nd5 Qd8
15. Nf6+ Kh8 16. Qxh7# 1-0

[Event "Gibraltar ChallWk2 11th"]
[Site "Gibraltar"]
[Date "2013.01.29"]
[Round "4.18"]
[White "Lindsoe, Fredrik Aunan"]
[Black "Berg, Soren"]
[Result "0-1"]
[WhiteElo "2064"]
[BlackElo "2152"]
[PlyCount "60"]
[EventDate "2013.01.26"]
[EventType "swiss"]
[EventRounds "5"]
[EventCountry "GGB"]
[SourceTitle "BritBase"]
[Source "www.saund.co.uk"]
[SourceDate "2018.02.10"]
[SourceVersion "1"]
[SourceVersionDate "2018.02.10"]
[SourceQuality "1"]

1. Nf3 Nf6 2. d4 e6 3. c4 Bb4+ 4. Nbd2 b6 5. g3 Bb7 6. Bg2 O-O 7. O-O Bxd2 8.
Bxd2 h6 9. d5 exd5 10. Nh4 Re8 11. cxd5 Ne4 12. Be3 Nd6 13. Qc2 Na6 14. Rac1
Rc8 15. Qa4 Nc5 16. Qg4 Qf6 17. b4 Nce4 18. Rfd1 Re7 19. Rd3 g6 20. f4 h5 21.
Qh3 Qb2 22. f5 g5 23. Nf3 Qxe2 24. Qxh5 Qxd3 25. Bxg5 f6 26. Bh6 Qxd5 27. Qg4+
Ng5 28. Nh4 Qd2 29. Rd1 Re1+ 30. Bf1 Qe3# 0-1